00785nam a22002417a 4500003000500000005001700005008004100022010001000063011001000073035001000083040000900093100003000102245008800132260005400220300001800274490005300292650004400345650003000389650003200419700002100451700001800472830005300490CHAP20220329140708.0971013s1963 r 00010 d a56173 a57145 a61298 cCHAP00aShilling, Charles Wesley. aFactors associated with the citations of russian research by american bioscientists aWashington :bGeorge Washington University,c1963 a(pág. var.) aBiological Science Communication Projetv; 15-6314aBiologíaxPublicaciones periódicas.14aInvestigaciónxU.R.S.S.14aServicios de información.0 aBernard, Jessie.0 aTyson, Joe W.0 aBiological Science Communication Projetv; 15-63